Statistics for National Emblems Quiz

Click here to take the quiz!

General Stats

  • This quiz has been taken 359 times
  • The average score is 16 of 20

Answer Stats

Answer% Correct
United States
97%
China
94%
Germany
93%
Argentina
84%
Turkey
84%
South Korea
83%
Switzerland
83%
Lebanon
82%
North Korea
81%
Greece
80%
Ecuador
79%
Belgium
75%
Ethiopia
75%
Ireland
75%
Poland
73%
Somalia
73%
Vatican City
73%
Kiribati
69%
Peru
66%
Japan
62%

Score Distribution

Percentile by Number Answered

Percent of People with Each Score

Your Score History

You have not taken this quiz